Miasta USA – bogate czy biedne? - Statystyki

Ogólne statystyki
  • Ten quiz został rozwiązany 23 razy
  • Średni wynik to 7 z 15
Statystyki odpowiedzi
Zagadnienie Odpowiedź % Poprawnych
Seattle, Waszyngton Bogate
100%
Gary Indiana Biedne
73%
Cambridge Massachusetts Bogate
68%
Flint, Michigan Biedne
64%
Camden New Jersey Biedne
50%
Brownsville Teksas Biedne
50%
Palo Alto, Kalifornia Bogate
50%
Scranton Pensylwania Biedne
45%
Bethesda Maryland Bogate
45%
Overland Park Kansas Bogate
45%
Scottsdale Arizona Bogate
41%
Plano Teksas Bogate
41%
Birmingham Alabama Biedne
32%
Evanston Illinois Bogate
23%
Cleveland Ohio Biedne
18%
Nie znaleziono quizów pasujących do podanych kryteriów
Rozkład punktacji
Procent ludzi z każdym wynikiem
Percentyl według liczby udzielonych odpowiedzi
Twoja historia wyników
Nie rozwiązałeś tego quizu